[Event "European Rapid Championship 2021"]
[Site "Katowice"]
[Date "2021.12.18"]
[Round "3.5"]
[White "Bogdanov, Ignat"]
[Black "Andersen, Mads"]
[Result "1/2-1/2"]
[WhiteElo "2058"]
[BlackElo "2574"]
[Annotator "TA"]
[PlyCount "145"]
[EventDate "2021.12.18"]
[EventType "swiss"]
[EventCountry "POL"]
[SourceTitle "playchess.com"]
[Source "ChessBase"]
[SourceQuality "1"]

{[%evp 16,145,8,8,19,13,19,18,27,24,33,3,61,47,62,0,0,0,3,14,3,0,0,-7,-2,-15,
-5,-16,-20,-28,-23,-21,-16,-20,-11,-20,0,0,0,-4,0,0,0,-10,-10,-14,0,0,0,-19,0,
-3,-3,-6,-5,-26,-27,-158,0,-8,0,-6,-6,-6,0,0,0,-2,0,0,0,0,0,0,0,0,8,8,43,0,0,0,
0,0,0,-8,-8,-8,-8,-8,-7,-7,0,-8,0,-7,-7,-8,-8,-8,-7,-7,-7,-7,0,-7,0,-7,-7,-7,
-7,-7,0,0,0,-7,-7,-7,-7,-7,-7,-7,-7,-8,-8,-8,-8,-8,-8,-8,-8,-8]} 1. d4 d5 2. c4
c6 3. Nc3 Nf6 4. cxd5 cxd5 5. Nf3 Nc6 6. Bf4 a6 7. e3 Bg4 8. Be2 Bxf3 $1 {
[%mdl 4] is currently scoring better than 8...e6.} 9. Bxf3 e6 {D13: Slav
Defence: Exchange variation without ...Bf5.} 10. O-O Be7 11. Rc1 O-O 12. Na4
Nd7 13. e4 {[#]} (13. a3 {keeps more tension.} Rc8 14. b4 b5 15. Nc5 Nb6 16.
Nxa6 Nc4 17. Rc3) 13... dxe4 $146 ({Better is} 13... Nf6 $11) ({Predecessor:} 
13... Nf6 14. exd5 Nxd5 15. Bxd5 Qxd5 16. Nb6 Qxa2 17. Nxa8 Rxa8 18. Be3 Rd8
19. Qc2 Qa5 {0-1 (48) Volodin,A (2352)-Popov,I (2482) Kirishi 2006}) 14. Bxe4
$14 Rc8 15. Bxc6 {White is more active.} ({Worse is} 15. Qh5 Nf6 16. Qf3 Nxe4
17. Qxe4 Qxd4 $17) ({White should play} 15. d5 $14 exd5 16. Bf5 (16. Qxd5 Nf6
$14)) 15... Rxc6 $11 16. Rxc6 bxc6 17. Qc2 Nf6 18. Be5 Qd5 19. Rc1 Qxa2 20.
Qxc6 a5 21. Qb5 Qd5 22. Nc3 Qxb5 23. Nxb5 Nd5 24. Rc6 Rd8 25. g3 Kf8 26. Ra6
Bb4 27. Ra7 f6 28. Bc7 Nxc7 29. Rxc7 {[%mdl 4096] Endgame KRB-KRN} Rb8 30. Na7
Bd2 31. Rc2 Bb4 32. Rc7 Bd2 33. Rc2 Bh6 34. Nc6 {[%csl LRa5,LRb8]} Rb5 35. Kf1
Ke8 36. Rc5 {[#]} (36. Na7 $11 Rb6 37. Nc6) 36... Rxb2 $2 (36... Rxc5 $1 $17
37. dxc5 a4) 37. Rxa5 Rb7 38. Ra7 Rxa7 39. Nxa7 {KB-KN} Kd7 40. Ke2 g6 41. Kd3
Bf8 42. Nb5 Kc6 43. Kc4 h5 44. Nc3 Be7 45. d5+ exd5+ 46. Nxd5 Bd8 47. Nc3 (47.
Nf4 $14) 47... g5 {The position is equal.} 48. f3 f5 49. Nd5 Kd6 50. Ne3 Ke5
51. Kd3 g4 52. Nc4+ Kd5 53. Ne3+ Ke5 54. Nc4+ Kd5 55. Ne3+ Ke6 56. Ke2 Bc7 57.
Ng2 Bb8 58. Ke3 Ba7+ 59. Ke2 $1 Bb8 60. Ke3 Ba7+ 61. Ke2 Kf6 62. Nf4 Kg5 63.
Ne6+ Kf6 64. Nf4 Kg5 65. Ne6+ Kh6 66. Nf4 $1 Bb8 67. Nd5 Kg5 68. Kf2 Kg6 69.
Kg2 Kf7 70. fxg4 hxg4 71. h3 Ke6 72. hxg4 Kxd5 73. gxf5 {Weighted Error Value:
White=0.11 (very precise) /Black=0.10 (very precise)} 1/2-1/2

[Event "European Rapid Championship 2021"]
[Site "Katowice"]
[Date "2021.12.18"]
[Round "3.6"]
[White "Laurusas, Tomas"]
[Black "Chylewski, Patryk"]
[Result "1-0"]
[WhiteElo "2553"]
[BlackElo "2117"]
[Annotator "TA"]
[PlyCount "79"]
[EventDate "2021.12.18"]
[EventType "swiss"]
[EventCountry "POL"]
[SourceTitle "playchess.com"]
[Source "ChessBase"]
[SourceQuality "1"]

{[%evp 13,78,-7,-7,-14,6,0,0,-13,2,0,25,0,20,33,50,48,38,42,24,31,91,96,90,73,
100,33,202,207,214,214,191,215,377,385,416,411,404,384,372,329,324,313,334,327,
324,316,295,279,291,285,29988,29989,29989,29990,29990,29991,29994,29992,29992,
29993,29995,29996,29997,29998,29998,29999,29999]} 1. d4 Nf6 2. c4 e6 3. Nc3 Bb4
4. e3 O-O 5. Bd3 d5 6. cxd5 exd5 7. Nge2 Re8 8. Bd2 {E48: Nimzo-Indian:
Rubinstein: 5 Bd3 d5 including 6 Ne2, but excluding 6 a3.} c6 9. f3 $5 {
[%mdl 4] [#] A promising side line.} c5 $146 ({Predecessor:} 9... Bxc3 10. Nxc3
Qb6 11. Qc2 Qxd4 12. O-O-O Qb6 13. g4 Na6 14. Na4 Qd8 15. g5 Nd7 16. Bxh7+ {
1-0 (40) Varga,B (2000)-Toth,D (2080) Miskolc 1999}) 10. O-O {The position is
equal.} Nc6 11. a3 cxd4 12. exd4 ({Much weaker is} 12. Nxd4 Bc5 $15) (12. axb4
$5 {[%cal Re2d4]} dxc3 13. bxc3 $11) 12... Ba5 13. Bg5 Bb6 14. Kh1 Be6 15. Na4
Bc7 16. Nc5 b6 (16... h6 $14 17. Bh4 (17. Nxb7 Qb8 $14) 17... Rb8) 17. Nxe6 $16
{White is more active.} Rxe6 18. Bf5 {A strong pair of Bishops.} Re8 (18... Qd6
$2 19. Bf4 Qd7 20. Bxe6 fxe6 21. Rc1 $18) 19. Rc1 (19. Nc3 $16) 19... Ne7 $2 {
A mistake that costs the game.} (19... h6 $1 $14) 20. Bxf6 $18 gxf6 21. Bd3 Ng6
22. f4 Qd6 $2 (22... Kh8 23. Ba6 Rb8) 23. Ng3 {[%cal Be2g3,Bg3f5,Bf5h6][%mdl
32] [#] Black must now prevent Nf5.} Kh8 24. Qh5 Rg8 25. Nf5 Qd7 26. Nh6 Rg7
27. Bf5 Qd6 28. g3 Rf8 29. Bd3 Qd7 30. Qf5 Qd8 31. Rfe1 {[%cal Oc1c7] Hoping
for Rxc7!} Re8 $2 (31... Ne7 $18 32. Qxf6 Ng8 33. Nxg8 Rfxg8 34. Qxd8 Bxd8) 32.
Rxe8+ {White mates.} Qxe8 33. Rxc7 Qe1+ 34. Kg2 Nh4+ 35. Kh3 Rxg3+ 36. hxg3 {
[%cal Rf5f6,Bh2g3,Bg3g4][%mdl 32]} Nxf5 37. Rc8+ {[%mdl 64] [#] Zwischenzug} (
37. Nxf5 $2 {leads to mate.} Qh1+ 38. Kg4 h5#) 37... Kg7 38. Nxf5+ Kg6 39. Rg8+
Kh5 40. g4# {Weighted Error Value: White=0.06 (flawless) /Black=0.41} 1-0

[Event "European Rapid Championship 2021"]
[Site "Katowice"]
[Date "2021.12.18"]
[Round "3.6"]
[White "Jonsson, Gauti Pall"]
[Black "Wisniewski, Adrian"]
[Result "1-0"]
[WhiteElo "2014"]
[BlackElo "2351"]
[Annotator "NA"]
[PlyCount "81"]
[EventDate "2021.12.18"]
[EventType "swiss"]
[EventCountry "POL"]
[SourceTitle "playchess.com"]
[Source "ChessBase"]
[SourceQuality "1"]
[TimeControl "900+10"]

1. Nf3 {[%emt 0:00:09]} Nf6 {[%emt 0:00:02]} 2. g3 {[%emt 0:00:01]} g6 {
[%emt 0:00:03]} 3. b3 {[%emt 0:00:03]} Bg7 {[%emt 0:00:03]} 4. Bb2 {[%emt 0:00:
02]} c5 {[%emt 0:00:03]} 5. e4 {[%emt 0:01:04]} O-O {[%emt 0:00:12]} 6. e5 {
[%emt 0:00:10]} Nd5 {[%emt 0:00:09]} 7. c4 {[%emt 0:00:12]} Nb4 {[%emt 0:00:24]
} 8. d4 {[%emt 0:00:42]} cxd4 {[%emt 0:00:08]} 9. Bg2 {[%emt 0:00:55]} d3 {
[%emt 0:00:05]} 10. O-O {[%emt 0:00:51]} Nc2 {[%emt 0:00:17]} 11. Qxd3 {
[%emt 0:00:01]} Nxa1 {[%emt 0:00:03]} 12. Bxa1 {[%emt 0:00:02]} Nc6 {[%emt 0:
00:19]} 13. h4 {[%emt 0:00:16]} d6 {[%emt 0:00:03]} 14. h5 {[%emt 0:00:29]} Qa5
{[%emt 0:00:37]} 15. h6 {[%emt 0:00:37]} Nxe5 {[%emt 0:00:53]} 16. Nxe5 {
[%emt 0:00:34]} Bxe5 {[%emt 0:00:02]} 17. Bc3 {[%emt 0:00:47]} Bxc3 {[%emt 0:
04:18]} 18. Nxc3 {[%emt 0:00:03]} Qg5 {[%emt 0:00:02]} 19. Nd5 {[%emt 0:00:35]}
e6 {[%emt 0:05:59]} 20. f4 {[%emt 0:01:26]} Qd8 {[%emt 0:00:12]} 21. Qc3 {
[%emt 0:01:00]} f6 {[%emt 0:00:02]} 22. Ne3 {[%emt 0:00:03]} Qc7 {[%emt 0:00:
39]} 23. g4 {[%emt 0:00:11]} Bd7 {[%emt 0:00:39]} 24. f5 {[%emt 0:00:10]} exf5
{[%emt 0:00:10]} 25. Bd5+ {[%emt 0:00:29]} Kh8 {[%emt 0:00:07]} 26. g5 {
[%emt 0:00:28]} Bc6 {[%emt 0:00:47]} 27. gxf6 {[%emt 0:00:08]} Rae8 {[%emt 0:
00:01]} 28. f7+ {[%emt 0:02:36]} Re5 {[%emt 0:00:01]} 29. Bxc6 {[%emt 0:01:46]}
bxc6 {[%emt 0:00:04]} 30. c5 {[%emt 0:00:10]} Qxf7 {[%emt 0:01:16]} 31. cxd6 {
[%emt 0:00:32]} Qf6 {[%emt 0:00:00]} 32. Ng4 {[%emt 0:00:02]} Qxd6 {[%emt 0:01:
39]} 33. Qxe5+ {[%emt 0:00:49]} Qxe5 {[%emt 0:00:01]} 34. Nxe5 {[%emt 0:00:01]}
Re8 {[%emt 0:00:17]} 35. Rd1 {[%emt 0:00:25]} Kg8 {[%emt 0:00:02]} 36. Nxc6 {
[%emt 0:00:02]} Re2 {[%emt 0:00:20]} 37. Rd8+ {[%emt 0:00:05]} Kf7 {[%emt 0:00:
01]} 38. Rd7+ {[%emt 0:00:02]} Kf6 {[%emt 0:00:01]} 39. Rxh7 {[%emt 0:00:06]}
Rxa2 {[%emt 0:00:03]} 40. Rxa7 {[%emt 0:00:11]} Rb2 {[%emt 0:00:05]} 41. h7 {
[%emt 0:00:03]} 1-0

[Event "European Rapid Championship 2021"]
[Site "Katowice"]
[Date "2021.12.18"]
[Round "3.7"]
[White "Hasterok, Mateusz"]
[Black "Jagodzinski, Piotr"]
[Result "0-1"]
[WhiteElo "2132"]
[BlackElo "2145"]
[Annotator "NA"]
[PlyCount "122"]
[EventDate "2021.12.18"]
[EventType "swiss"]
[EventCountry "POL"]
[SourceTitle "playchess.com"]
[Source "ChessBase"]
[SourceQuality "1"]
[TimeControl "900+10"]

1. d4 {[%emt 0:00:01]} d5 {[%emt 0:00:08]} 2. c4 {[%emt 0:00:03]} e6 {[%emt 0:
00:00]} 3. Nc3 {[%emt 0:00:01]} Nf6 {[%emt 0:00:01]} 4. Nf3 {[%emt 0:00:02]}
Be7 {[%emt 0:00:01]} 5. Bf4 {[%emt 0:00:01]} O-O {[%emt 0:00:02]} 6. e3 {
[%emt 0:00:02]} c6 {[%emt 0:00:32]} 7. c5 {[%emt 0:00:03]} Nbd7 {[%emt 0:00:10]
} 8. Bd3 {[%emt 0:00:08]} b6 {[%emt 0:00:57]} 9. b4 {[%emt 0:00:02]} bxc5 {
[%emt 0:00:23]} 10. bxc5 {[%emt 0:00:02]} Qa5 {[%emt 0:00:02]} 11. Qd2 {
[%emt 0:00:13]} Ba6 {[%emt 0:00:47]} 12. O-O {[%emt 0:00:29]} Bxd3 {[%emt 0:00:
03]} 13. Qxd3 {[%emt 0:00:02]} Nh5 {[%emt 0:00:03]} 14. Rab1 {[%emt 0:01:25]}
Nxf4 {[%emt 0:00:26]} 15. exf4 {[%emt 0:00:02]} Rab8 {[%emt 0:00:12]} 16. Ne5 {
[%emt 0:01:28]} Nxe5 {[%emt 0:00:15]} 17. fxe5 {[%emt 0:00:01]} Bg5 {[%emt 0:
02:38]} 18. g3 {[%emt 0:00:50]} Qa3 {[%emt 0:00:31]} 19. f4 {[%emt 0:00:51]}
Be7 {[%emt 0:00:01]} 20. Kh1 {[%emt 0:01:10]} Rfd8 {[%emt 0:02:52]} 21. Rfd1 {
[%emt 0:01:46]} Bf8 {[%emt 0:01:45]} 22. Qc2 {[%emt 0:00:30]} g6 {[%emt 0:00:
24]} 23. Kg2 {[%emt 0:01:07]} Kg7 {[%emt 0:00:01]} 24. h4 {[%emt 0:00:58]} h5 {
[%emt 0:00:18]} 25. Rd3 {[%emt 0:00:31]} Qa6 {[%emt 0:01:18]} 26. Nd1 {[%emt 0:
01:11]} Be7 {[%emt 0:01:45]} 27. Rdb3 {[%emt 0:00:16]} Qa4 {[%emt 0:00:10]} 28.
Qb2 {[%emt 0:00:50]} Rxb3 {[%emt 0:00:19]} 29. axb3 {[%emt 0:00:01]} Qb4 {
[%emt 0:00:06]} 30. Qc3 {[%emt 0:00:16]} Bxc5 {[%emt 0:00:14]} 31. Qxb4 {
[%emt 0:00:10]} Bxb4 {[%emt 0:00:00]} 32. Rc1 {[%emt 0:00:31]} Rc8 {[%emt 0:00:
02]} 33. Nf2 {[%emt 0:00:03]} Bd2 {[%emt 0:00:20]} 34. Rd1 {[%emt 0:00:06]} Bc3
{[%emt 0:01:18]} 35. Rd3 {[%emt 0:00:18]} Ba5 {[%emt 0:00:01]} 36. g4 {[%emt 0:
00:07]} hxg4 {[%emt 0:00:17]} 37. Nxg4 {[%emt 0:00:01]} c5 {[%emt 0:00:02]} 38.
h5 {[%emt 0:00:10]} c4 {[%emt 0:00:19]} 39. h6+ {[%emt 0:00:11]} Kh8 {[%emt 0:
00:13]} 40. bxc4 {[%emt 0:00:30]} dxc4 {[%emt 0:00:02]} 41. Rd1 {[%emt 0:00:09]
} c3 {[%emt 0:00:04]} 42. Ne3 {[%emt 0:00:10]} Bb4 {[%emt 0:02:12]} 43. Rc1 {
[%emt 0:00:13]} a5 {[%emt 0:00:09]} 44. Rc2 {[%emt 0:00:10]} a4 {[%emt 0:00:05]
} 45. d5 {[%emt 0:00:01]} exd5 {[%emt 0:00:24]} 46. Nxd5 {[%emt 0:00:01]} Ba5 {
[%emt 0:00:00]} 47. Ne3 {[%emt 0:01:04]} a3 {[%emt 0:00:16]} 48. Ra2 {[%emt 0:
00:26]} Bb6 {[%emt 0:00:16]} 49. Nc2 {[%emt 0:00:02]} Bc5 {[%emt 0:00:01]} 50.
Kf3 {[%emt 0:00:16]} Rd8 {[%emt 0:00:06]} 51. Ra1 {[%emt 0:00:01]} Rd2 {
[%emt 0:00:17]} 52. Ra2 {[%emt 0:00:29]} Kh7 {[%emt 0:00:08]} 53. Ke4 {[%emt 0:
00:11]} Kxh6 {[%emt 0:00:08]} 54. f5 {[%emt 0:00:07]} g5 {[%emt 0:00:12]} 55.
e6 {[%emt 0:00:02]} fxe6 {[%emt 0:00:01]} 56. fxe6 {[%emt 0:00:02]} Kg6 {
[%emt 0:00:02]} 57. Ke5 {[%emt 0:00:08]} Bd6+ {[%emt 0:00:08]} 58. Ke4 {
[%emt 0:00:01]} Kf6 {[%emt 0:00:13]} 59. Ke3 {[%emt 0:00:07]} g4 {[%emt 0:00:
08]} 60. Ke4 {[%emt 0:00:12]} g3 {[%emt 0:00:01]} 61. Kf3 {[%emt 0:00:03]} g2 {
[%emt 0:00:01]} 0-1

[Event "European Rapid Championship 2021"]
[Site "Katowice"]
[Date "2021.12.18"]
[Round "3.7"]
[White "Niedbala, Bartlomiej"]
[Black "Fridman, Daniel"]
[Result "0-1"]
[WhiteElo "2131"]
[BlackElo "2626"]
[Annotator "TA"]
[PlyCount "82"]
[EventDate "2021.12.18"]
[EventType "swiss"]
[EventCountry "POL"]
[SourceTitle "playchess.com"]
[Source "ChessBase"]
[SourceQuality "1"]

{[%evp 9,82,0,10,-20,19,19,22,14,19,0,20,0,0,0,1,-8,33,0,0,0,31,-33,0,0,3,14,
13,-11,2,-5,0,-8,0,-27,-4,-22,-15,-20,-15,-30,-25,-14,-13,-22,-14,-13,-2,-29,
-29,-136,-10,-118,-29,-112,-107,-120,-93,-484,-530,-526,-523,-536,-536,-509,
-526,-532,-506,-491,-370,-636,-628,-778,-610,-579,-561]} 1. e4 c6 2. Nf3 d5 3.
d3 dxe4 4. dxe4 Qxd1+ 5. Kxd1 Nf6 6. Nbd2 {B10: Caro-Kann: 2 d3 and 2 c4.} g6
7. Ne1 Be6 8. f3 {The position is equal.} Bh6 {[#]} 9. Nd3 $146 ({Predecessor:
} 9. a4 Nbd7 10. Nc4 Bxc1 11. Kxc1 Bxc4 12. Bxc4 Ne5 13. Be2 g5 14. Nd3 Nxd3+
15. Bxd3 {½-½ (118) Kurmann,O (2458)-Svane,R (2628) Terme Catez 2021}) 9...
Nbd7 10. Nb3 Bxc1 11. Kxc1 g5 12. Nd4 O-O-O (12... Bc4 $11) 13. Be2 Bc4 14. Nf5
Rhe8 15. Ng7 (15. Kd2 $14) 15... Rg8 (15... Bxd3 $5 16. cxd3 Rf8 $11) 16. Nf5
Rde8 17. Kd2 Kc7 18. Nf2 Ne5 19. b3 Rd8+ 20. Ke3 Be6 {White must now prevent ..
.Bxf5.} 21. Nd4 Bd7 22. c3 h5 23. g3 Ng6 24. b4 Ne8 25. c4 Ng7 26. Rad1 e5 27.
Nb3 f5 28. Nd3 b6 29. exf5 (29. c5 $11) 29... Bxf5 ({Better is} 29... Nxf5+ $17
30. Kf2 Rgf8) 30. a4 {[#]} (30. Nf2 $11 {remains equal.}) 30... Rge8 (30... Be6
$1 $17 {[%cal Re6c4]} 31. Ndc1 Nf5+ 32. Kf2 Rdf8) 31. Kf2 (31. Nb2 $11 {
keeps the balance.}) 31... e4 $17 {Black is more active.} 32. fxe4 Rxe4 {
Hoping for ...Rf8.} 33. Nb2 $2 {[%mdl 8192] [#] This costs White the game.} (
33. Ndc1 $17) 33... Rf8 $1 $19 {Strongly threatening ...Bg4+.} 34. Ke1 Bg4 {
[%csl Gg4][%cal Re4e2]} 35. Rd2 Rfe8 {[%cal Re4e2]} 36. Nc1 Nf5 37. Rf1 Nd4 {
[%cal Rd4e2]} 38. Rf7+ Kb8 39. Rxd4 (39. Rf2) 39... Rxd4 {Black is clearly
winning.} 40. Rf6 Bxe2 41. Nxe2 {[#]} Rde4 $1 {Weighted Error Value: White=0.
55/Black=0.25 (precise)} 0-1

[Event "European Rapid Championship 2021"]
[Site "Katowice"]
[Date "2021.12.18"]
[Round "3.8"]
[White "Pultinevicius, Paulius"]
[Black "Nemec, Jachym"]
[Result "1-0"]
[WhiteElo "2536"]
[BlackElo "2115"]
[Annotator "TA"]
[PlyCount "81"]
[EventDate "2021.12.18"]
[EventType "swiss"]
[EventCountry "POL"]
[SourceTitle "playchess.com"]
[Source "ChessBase"]
[SourceQuality "1"]

{[%evp 10,81,25,17,46,41,36,-13,41,38,39,2,2,8,4,-64,-29,-30,-25,-29,-27,-32,
-23,-34,0,0,0,0,0,-13,-13,-10,-13,-12,-8,-3,0,0,0,0,9,0,0,0,0,0,0,0,12,15,18,
19,334,332,317,329,382,381,445,443,316,157,839,714,889,885,2466,2407,29976,
29975,29978,29979,29977,29976]} 1. c4 Nf6 2. Nc3 c5 3. Nf3 d5 4. cxd5 Nxd5 5.
e3 Nc6 6. Bb5 g6 {A34: Symmetrical English: 2 Nc3, lines with ...d5.} 7. Ne5
Qd6 8. d4 (8. Nxc6 $14 bxc6 9. Ne4) 8... Nxc3 ({Better is} 8... cxd4 $11 9.
Nxc6 (9. exd4 Bg7 $15) 9... bxc6 10. Qxd4 Nb4 11. Qxd6 (11. Qxh8 Nc2+ 12. Ke2
cxb5 $17) 11... exd6) 9. bxc3 $14 Bg7 10. Qf3 Bxe5 11. dxe5 {[#]} Qe6 $146 ({
Predecessor:} 11... Qc7 12. Qd5 Bd7 13. Qxc5 O-O 14. Ba3 b6 15. Qd5 Nxe5 16.
Bxd7 Qxc3+ 17. Ke2 Rad8 {1-0 (73) Ivanov,J (2431)-Shristi,J (1935) Balaguer
2009}) 12. Qe4 ({White should play} 12. Bxc6+ $11 bxc6 13. O-O) 12... O-O 13.
f4 Bd7 14. Bc4 Qf5 (14... Qg4 {seems wilder.} 15. Be2 Qh4+ 16. g3 Qh3 17. Qf3
Rfd8) 15. Qxf5 Bxf5 16. Bd5 Rfd8 17. e4 {[#] Strongly threatening Bxc6.} Bd7
18. Be3 b6 19. Rd1 e6 20. Bb3 Na5 21. Bc2 Nc4 22. Bc1 Bc6 23. Kf2 {[%cal Be1f2,
Bf2f3,Bf3g4,Bg4g5][%mdl 32]} Kf8 24. Kf3 Ke8 25. h4 h5 26. g4 hxg4+ 27. Kxg4
Rxd1 28. Rxd1 Rd8 29. Rxd8+ Kxd8 $11 {[%mdl 4096] Endgame KBB-KBN} 30. Bd3 Na5
{[%mdl 8192]} (30... b5 $11) 31. Kg5 Ke7 32. f5 {[%cal Bf4f5,Bf5f6][%mdl 32]}
Be8 33. Kh6 Nc6 34. f6+ Kd8 35. Bf4 (35. Kg7 $18) 35... Na5 $2 {This move
loses the game for Black.} (35... Bd7 $16 36. h5 gxh5) 36. Kg7 c4 37. Be2 {
[#] Black must now prevent h5.} b5 38. h5 gxh5 39. Bxh5 {White mates.} b4 40.
cxb4 Nc6 41. Bxf7 {Weighted Error Value: White=0.13 (very precise) /Black=0.48}
1-0

[Event "European Rapid Championship 2021"]
[Site "Katowice"]
[Date "2021.12.18"]
[Round "3.8"]
[White "Karolczuk, Iwo"]
[Black "Szwed, Jacek"]
[Result "1-0"]
[WhiteElo "2007"]
[BlackElo "2372"]
[Annotator "NA"]
[PlyCount "61"]
[EventDate "2021.12.18"]
[EventType "swiss"]
[EventCountry "POL"]
[SourceTitle "playchess.com"]
[Source "ChessBase"]
[SourceQuality "1"]
[TimeControl "900+10"]

1. d4 {[%emt 0:00:04]} d5 {[%emt 0:02:00]} 2. Nf3 {[%emt 0:00:04]} Nf6 {
[%emt 0:00:02]} 3. c4 {[%emt 0:00:02]} dxc4 {[%emt 0:00:02]} 4. e3 {[%emt 0:00:
08]} b5 {[%emt 0:00:01]} 5. a4 {[%emt 0:00:29]} b4 {[%emt 0:00:01]} 6. Bxc4 {
[%emt 0:00:07]} e6 {[%emt 0:00:02]} 7. O-O {[%emt 0:00:06]} Be7 {[%emt 0:00:01]
} 8. b3 {[%emt 0:00:18]} O-O {[%emt 0:00:03]} 9. Bb2 {[%emt 0:00:01]} Bb7 {
[%emt 0:00:05]} 10. Nbd2 {[%emt 0:00:07]} c5 {[%emt 0:00:06]} 11. Qe2 {[%emt 0:
00:07]} Nbd7 {[%emt 0:01:22]} 12. Rfd1 {[%emt 0:00:19]} cxd4 {[%emt 0:00:32]}
13. Nxd4 {[%emt 0:00:08]} Nc5 {[%emt 0:00:02]} 14. N2f3 {[%emt 0:01:27]} Qa5 {
[%emt 0:00:15]} 15. Rac1 {[%emt 0:01:42]} Rac8 {[%emt 0:00:08]} 16. Ba1 {
[%emt 0:03:32]} Rfd8 {[%emt 0:03:02]} 17. Ne5 {[%emt 0:01:10]} Nd5 {[%emt 0:02:
58]} 18. Qh5 {[%emt 0:01:17]} g6 {[%emt 0:00:10]} 19. Qh3 {[%emt 0:00:07]} Rf8
{[%emt 0:02:59]} 20. Ng4 {[%emt 0:00:56]} Nc3 {[%emt 0:00:13]} 21. Nb5 {
[%emt 0:01:28]} N5xa4 {[%emt 0:01:39]} 22. Rd7 {[%emt 0:01:44]} Bg5 {[%emt 0:
01:26]} 23. Rxb7 {[%emt 0:01:19]} Ne2+ {[%emt 0:01:24]} 24. Kf1 {[%emt 0:00:11]
} Nxc1 {[%emt 0:00:15]} 25. Nf6+ {[%emt 0:02:02]} Bxf6 {[%emt 0:00:02]} 26.
Bxf6 Rfd8 27. g3 {[%emt 0:00:05]} h5 {[%emt 0:00:12]} 28. Rxf7 {[%emt 0:00:12]}
Rxc4 {[%emt 0:00:26]} 29. Rg7+ {[%emt 0:00:04]} Kf8 {[%emt 0:00:03]} 30. Qxe6 {
[%emt 0:00:18]} Rc7 {[%emt 0:00:22]} 31. Rg8# {[%emt 0:00:02]} 1-0

[Event "European Rapid Championship 2021"]
[Site "Katowice"]
[Date "2021.12.18"]
[Round "3.9"]
[White "Stanisz, Patryk"]
[Black "Donchenko, Alexander"]
[Result "0-1"]
[WhiteElo "2125"]
[BlackElo "2535"]
[Annotator "ChessBase"]
[PlyCount "44"]
[EventDate "2021.12.18"]
[EventType "swiss"]
[EventCountry "POL"]
[SourceTitle "playchess.com"]
[Source "ChessBase"]
[SourceQuality "1"]
[TimeControl "900+10"]

1. d4 {[%emt 0:00:01]} Nf6 {[%emt 0:00:02]} 2. c4 {[%emt 0:00:02]} e6 {[%emt 0:
00:02]} 3. Nc3 {[%emt 0:00:03]} Bb4 {[%emt 0:00:03]} 4. f3 {[%emt 0:00:02]} c5
{[%emt 0:00:10]} 5. d5 {[%emt 0:00:27]} d6 {[%emt 0:00:05]} 6. e4 {[%emt 0:00:
03]} b5 {[%emt 0:00:03]} 7. Nge2 {[%emt 0:01:19]} bxc4 {[%emt 0:00:03]} 8. a3 {
[%emt 0:00:01]} Ba5 {[%emt 0:00:08]} 9. Qa4+ {[%emt 0:01:11]} Bd7 {[%emt 0:01:
04]} 10. Qxc4 {[%emt 0:00:02]} exd5 {[%emt 0:00:06]} 11. exd5 {[%emt 0:00:04]}
O-O {[%emt 0:00:23]} 12. Bg5 {[%emt 0:00:26]} h6 {[%emt 0:00:37]} 13. h4 {
[%emt 0:01:07]} Re8 {[%emt 0:02:33]} 14. O-O-O {[%emt 0:00:34]} hxg5 {[%emt 0:
01:14]} 15. hxg5 {[%emt 0:00:02]} Nh7 {[%emt 0:00:02]} 16. Rxh7 {[%emt 0:01:11]
} Kxh7 {[%emt 0:00:49]} 17. Qh4+ {[%emt 0:00:01]} Kg8 {[%emt 0:00:01]} 18. Ne4
{[%emt 0:03:30]} Rxe4 {[%emt 0:02:16]} 19. fxe4 {[%emt 0:00:01]} Qe7 {[%emt 0:
00:01]} 20. Ng3 {[%emt 0:03:34]} Bd8 {[%emt 0:00:20]} 21. Qh2 {[%emt 0:01:04]}
Qxg5+ {[%emt 0:00:13]} 22. Kb1 {[%emt 0:00:01]} Qh4 {[%emt 0:00:24]} 0-1

[Event "European Rapid Championship 2021"]
[Site "Katowice"]
[Date "2021.12.18"]
[Round "3.9"]
[White "Snihur, Piotr"]
[Black "Kalogeris, Ioannis"]
[Result "0-1"]
[WhiteElo "2006"]
[BlackElo "2357"]
[Annotator "ChessBase"]
[PlyCount "90"]
[EventDate "2021.12.18"]
[EventType "swiss"]
[EventCountry "POL"]
[SourceTitle "playchess.com"]
[Source "ChessBase"]
[SourceQuality "1"]
[TimeControl "900+10"]

1. c4 {[%emt 0:00:06]} c6 {[%emt 0:03:41]} 2. d4 {[%emt 0:00:13]} d5 {[%emt 0:
00:02]} 3. Nf3 {[%emt 0:00:04]} Nf6 {[%emt 0:00:02]} 4. e3 {[%emt 0:00:06]} Bg4
{[%emt 0:00:18]} 5. cxd5 {[%emt 0:01:01]} cxd5 {[%emt 0:00:29]} 6. Qa4+ {
[%emt 0:00:04]} Bd7 {[%emt 0:00:11]} 7. Qb3 {[%emt 0:00:12]} Nc6 {[%emt 0:01:
29]} 8. Nc3 {[%emt 0:00:39]} Na5 {[%emt 0:00:04]} 9. Qd1 {[%emt 0:00:58]} a6 {
[%emt 0:00:32]} 10. Bd3 {[%emt 0:00:18]} Bg4 {[%emt 0:00:15]} 11. h3 {[%emt 0:
02:26]} Bxf3 {[%emt 0:01:20]} 12. Qxf3 {[%emt 0:00:04]} e6 {[%emt 0:00:04]} 13.
g4 {[%emt 0:00:46]} Be7 {[%emt 0:00:13]} 14. g5 {[%emt 0:01:00]} Nd7 {[%emt 0:
00:21]} 15. h4 {[%emt 0:00:03]} Rc8 {[%emt 0:00:15]} 16. Kf1 {[%emt 0:00:40]}
b5 {[%emt 0:00:31]} 17. Rg1 {[%emt 0:01:25]} Nc4 {[%emt 0:00:27]} 18. Ne2 {
[%emt 0:01:10]} Qa5 {[%emt 0:00:25]} 19. Nf4 {[%emt 0:04:11]} Nd2+ {[%emt 0:01:
12]} 20. Bxd2 {[%emt 0:00:01]} Qxd2 {[%emt 0:00:01]} 21. Kg2 {[%emt 0:00:12]}
Nb6 {[%emt 0:03:28]} 22. b3 {[%emt 0:00:59]} g6 {[%emt 0:00:02]} 23. Rad1 {
[%emt 0:00:39]} Qb2 {[%emt 0:00:18]} 24. h5 {[%emt 0:00:38]} Bxg5 {[%emt 0:00:
14]} 25. hxg6 {[%emt 0:00:33]} hxg6 {[%emt 0:00:05]} 26. Kf1 {[%emt 0:00:28]}
Be7 {[%emt 0:00:12]} 27. Bxg6 {[%emt 0:00:19]} fxg6 {[%emt 0:00:12]} 28. Nxg6 {
[%emt 0:00:03]} Rg8 {[%emt 0:00:55]} 29. Qh5 {[%emt 0:00:07]} Kd7 {[%emt 0:00:
02]} 30. Qh7 {[%emt 0:00:28]} Rxg6 {[%emt 0:00:45]} 31. Rxg6 {[%emt 0:00:06]}
Rf8 {[%emt 0:00:03]} 32. Rg2 {[%emt 0:00:16]} Qxa2 {[%emt 0:00:04]} 33. Rc1 {
[%emt 0:00:11]} Qxb3 {[%emt 0:00:07]} 34. Rg7 {[%emt 0:00:05]} Re8 {[%emt 0:01:
11]} 35. Kg2 {[%emt 0:00:01]} Qa3 {[%emt 0:00:04]} 36. Rh1 {[%emt 0:00:14]} Nc4
{[%emt 0:00:02]} 37. Qg6 {[%emt 0:00:21]} Qd6 {[%emt 0:00:13]} 38. Rhh7 {
[%emt 0:00:08]} b4 {[%emt 0:00:02]} 39. Qc2 {[%emt 0:00:11]} Qc6 {[%emt 0:00:
06]} 40. Qd1 {[%emt 0:00:13]} a5 {[%emt 0:00:03]} 41. Qg4 {[%emt 0:00:08]} b3 {
[%emt 0:00:04]} 42. Rg6 {[%emt 0:00:10]} b2 {[%emt 0:00:20]} 43. Rhh6 {[%emt 0:
00:01]} Bd8 {[%emt 0:00:02]} 44. Rh7+ {[%emt 0:00:21]} Re7 {[%emt 0:00:01]} 45.
Rgg7 {[%emt 0:00:10]} b1=Q {[%emt 0:00:04]} 0-1